| 000 | 00765nac a22002291u 4500 | ||
|---|---|---|---|
| 008 | 130122s2003 uk ||||| |||| 001 0 eng d | ||
| 010 | _a 2001056738 | ||
| 020 | _a0201785633 (alk. paper) | ||
| 020 | _a9780321189226 | ||
| 082 | 0 | 0 |
_a368.973 _bREJ _222 |
| 100 |
_aRejda, George E., _912219 |
||
| 245 | 1 | 0 |
_aPrinciples of risk management and insurance / _cGeorge E. Rejda. |
| 250 |
_a8th ed. _bInternationel ed. |
||
| 260 |
_aBoston : _bAddison-Wesley, _cc2003. |
||
| 300 |
_axviii, 686 p. : _bill. ; _c27 cm. |
||
| 500 | _aInternational Edition. | ||
| 504 | _aIncludes bibliographical references and index. | ||
| 650 | 0 |
_aInsurance. _931961 |
|
| 650 | 0 |
_aRisk (Insurance) _912221 |
|
| 650 | 0 |
_aRisk management. _931962 |
|
| 942 |
_cBB _k368.973 REJ _2ddc |
||
| 999 |
_c4041 _d4041 |
||